|
|
|
|
| LEADER |
00000nab a2200000 ar4500 |
| 001 |
vtls009306151 |
| 003 |
SK-MaSNL |
| 005 |
20260426090121.0 |
| 008 |
250507c2007 xo fr|p|||||||000 b|slo |
| 015 |
|
|
|a SNBRB2008/06
|2 snkbucl
|
| 035 |
|
|
|a (uuid)18db84f8-7ed0-4bf5-9709-feb9ea02a18f
|
| 035 |
|
|
|a urn:nbn:sk:snk-ab12mz
|
| 035 |
|
|
|a (urnnbn)urn:nbn:sk:snk:ar-a06nyf
|
| 038 |
|
|
|a SNKBUCL
|
| 040 |
|
|
|a SNKBUCL
|b slo
|c SNKBUCL
|e AACR2
|
| 041 |
0 |
|
|a slo
|
| 044 |
|
|
|a xo
|c SK
|
| 080 |
|
|
|a 371.333:004.42.032.6:658.5.012.34:378.4.096
|x (437.6)
|2 2001
|
| 080 |
|
|
|a 004.42.032.6
|2 2001
|
| 080 |
|
|
|a 658.5.012.34
|2 2001
|
| 080 |
|
|
|a 378.4.096
|x (437.6)
|2 2001
|
| 100 |
1 |
|
|a Rybanský, Rudolf
|4 aut
|9 41841
|
| 245 |
1 |
0 |
|a Implementácia multimediálnej aplikácie v predmete Výrobná logistika
|c Rudolf Rybanský, Pavol Božek
|
| 504 |
|
|
|a Bibliogr. odkazy
|
| 610 |
2 |
7 |
|a Trnavská univerzita v Trnave.
|b Materiálovotechnologická fakulta.
|b Katedra priemyselného inžinierstva a manažmentu
|2 snkbucl
|9 1492901
|
| 650 |
0 |
7 |
|a výrobná logistika
|2 snkbucl
|9 836287
|
| 650 |
0 |
7 |
|a vzdelávanie
|2 snkbucl
|9 4033
|
| 650 |
0 |
7 |
|a učebné pomôcky
|2 snkbucl
|9 13833
|
| 650 |
0 |
7 |
|a mulimediálny softvér
|2 snkbucl
|9 1492902
|
| 700 |
1 |
|
|a Božek, Pavol,
|d 1954-
|4 aut
|9 212119
|
| 773 |
0 |
|
|t Fórum manažéra
|g Roč. III., č. 1 (2007), s. 34-35
|x 1336-7773
|
| 850 |
|
|
|a Slovenská národná knižnica
|
| 852 |
|
|
|a Slovenská národná knižnica
|
| 954 |
|
|
|a odborná, vedecká literatúra pôvodná (slovenská)
|2 lita
|
| 958 |
|
|
|a article27
|
| 958 |
|
|
|a NB
|
| 958 |
|
|
|a OND
|
| 958 |
|
|
|a EUIPO
|
| 999 |
|
|
|c 2980499
|d 2982429
|